Statistics for Blue NCAA Logos

Click here to take the quiz!

General Stats

  • This quiz has been taken 117 times
  • The average score is 17 of 20

Answer Stats

Answer% Correct
Duke
98%
North Carolina
98%
UCLA
98%
Kentucky
97%
Auburn
95%
BYU
95%
Villanova
95%
Kansas
94%
California
92%
Pittsburgh
91%
Yale
91%
Air Force
89%
Boise State
83%
Georgetown
77%
Rice
74%
Saint Mary's
71%
Delaware
65%
Buffalo
58%
Drake
49%
East Tennessee State
38%

Score Distribution

Percentile by Number Answered

Percent of People with Each Score

Your Score History

You have not taken this quiz